00839nam a2200241Ia 4500003000400000005001700004008004100021020001500062040001800077041000800095082002100103100002700124245008700151250001200238260003800250300003100288650003300319650002600352700002200378942003400400999001900434952014400453OSt20250204094925.0210716s1987 xx 000 0 und d a0394559282 cAIMIT LIBRARY aeng a951.05 21bXINZ aXinxin, Zhang.9197381 aChinese lives:boral history of contemporary China /cBy Zhang Xinxin and Sang Ye. a1st ed. aNew York :bRandom House ;c1987. axxxii; 367p. ;bPBc24 cm. aCrime and punishment9197382 aShow business9197383 aYe, Sang.9197384 2ddccBKe1st ed.k951.05 XINZ c201008d201008 00102ddc40708MBAaAIMITbAIMITd2021-07-16iBill no:; Bill dt:1900-01-00l0o951.05 XINZpMBA03574r2026-05-23 00:00:00w2021-07-16yBK